000
00294nam a22001337a 4500
008
181218b xxu||||| |||| 00| 0 eng d
020
_a
0292750528
041
_a
eng
080
_a
159.9
100
_a
48
101
_a
PSI
245
_a
Masculinity & Femininity
_c
Spence,J.T
942
_2
udc
_c
BK
999
_c
53471
_d
53471